01393 2200361 4500001002100000005001500021035002000036007000300056008004100059100003100100245010300131300004200234020002200276082001100298084002000309250002900329264003900358336002100397337003000418338002300448440003200471520034900503650001300852650001800865700002400883700002800907990001600935990001600951990001600967990001600983990001600999990001601015INLIS00000000101224720221025091432 a0010-1022000103ta221025 b 0 ind 0 aSri Al Hidayatiepengarang1 aPerempuan teladan sepanjang zaman /cSri Al Hidayati; editor, Abdul Wahab; desain, M. Khaerul Umam aiii, 29 halaman :bilustrasi ;c27 cm a978-979-055-536-5 a2X1.61 aSR 2X1.61 SRI p aCetakan ketiga, Mei 2018 aBandung :bSygma Kaya Imaji,c2018 2rdacontentaTeks 2rdamediaaTanpa perantara 2rdacarrieraVolume aquranic questions & answers aAl-Qur'an menyimpan beragam ilmu pengetahuan yang semakin terbukti kebenarannya seiring perkembangan teknologi. Pengetahuan itu tersirat dalam berbagai ayat. Orang-orang yang mempelajari ilmu Al-Qur'an bisa lebih mudah memahaminya. Sementara itu, sebagian orang lainnya perlu media lain yang menjelaskan pengetahuan di dalam Al-Qur'an tersebut. 4aAl Quran 4aCerita-cerita0 aAbdul Wahabeeditor0 aM. Khaerul Umamedesain a50505.63325 a50506.63326 a50506.63326 a50505.63325 a50505.63325 a50506.63326